Library of the University of Algiers 3
Ibrahim Sultan Cheibout
شعار جامعة الجزائر 3
مكتبة جامعة الجزائر 3
إبراهيم سلطان شيبوط

الإقتصاد الإسلامي والقضايا الفقهية المعاصرة / (رقم التسجيلة. 46197)

تفاصيل مارك
000 -LEADER
fixed length control field 01351nam a2200205Ia 4500
003 - CONTROL NUMBER IDENTIFIER
control field Ost
005 - DATE AND TIME OF LATEST TRANSACTION
control field 20260507075747.0
008 - FIXED-LENGTH DATA ELEMENTS--GENERAL INFORMATION
fixed length control field 260507s9999||||xx |||||||||||||| ||und||
020 ## - INTERNATIONAL STANDARD BOOK NUMBER
International Standard Book Number 75339961977
040 ## - CATALOGING SOURCE
Transcribing agency fsecg
041 ## - LANGUAGE CODE
Language code of text/sound track or separate title ara
082 ## - DEWEY DECIMAL CLASSIFICATION NUMBER
Classification number 330
100 ## - MAIN ENTRY--PERSONAL NAME
Personal name السالوس، أحمد علي
Relator term مؤلف
245 #0 - TITLE STATEMENT
Title الإقتصاد الإسلامي والقضايا الفقهية المعاصرة /
Statement of responsibility, etc. أحمد علي السالوس
260 ## - PUBLICATION, DISTRIBUTION, ETC.
Place of publication, distribution, etc. الدوحة:
Name of publisher, distributor, etc. دار الثقافة,
Date of publication, distribution, etc. 1998
300 ## - PHYSICAL DESCRIPTION
Extent 1061 صفحة؛
Other physical details إيضاحات ؛
Dimensions 25 سم
520 ## - SUMMARY, ETC.
Summary, etc. الإقتصاد الإسلامي ودور الفقه في تأصيله- مبادئ الإقتصاد الإسلامي- دور الفقه في خصائص -دور الفقه في المبادئ- دور الفقه في النشاط الإقتصادي المعاصر- حكم ودائع البنوك وشهادات الإستثمار في الفقه الإسلامي- البنوك والإستثمار- الرد على الذين أباحو فائدة البنوك- من القضايا الفقهية المعاصرة- فتاوى وقرارات المجامع في القضايا الفقهية المعاصرة- العقود البديلة للقروض الربوية في التطبيق المعاصر.
653 ## - INDEX TERM--UNCONTROLLED
Uncontrolled term الإقتصاد الإسلامي
942 ## - ADDED ENTRY ELEMENTS (KOHA)
Koha item type كتب
المقتنيات
Withdrawn status Lost status Source of classification or shelving scheme Damaged status Not for loan Home library Current library Date acquired Serial enumeration / chronology Inventory number Total checkouts Full call number Barcode Date last seen Price effective from Koha item type
    Library of Congress Classification   NOT LOAN / إعارة داخلية مكتبة كلية العلوم الإقتصادية والعلوم التجارية وعلوم التسيير مكتبة كلية العلوم الإقتصادية والعلوم التجارية وعلوم التسيير 07/05/2026 الطابق الأرضي 1381/1   أ/1381ن1 1381/1 07/05/2026 07/05/2026 كتب

موارد الويب المفتوحة


© University of Algiers 3 All Rights Reserved
|
Implemented by LECHELAH Riad